[Event "DEM U14w 2020"]
[Site "Willingen GER"]
[Date "2020.10.21"]
[Round "3"]
[White "Zhou, Lepu Coco"]
[Black "Werner, Rosalie"]
[Result "1-0"]
[Termination "normal"]
[Board "1"]
[WhiteElo "1872"]
[BlackElo "1688"]
[WhiteClock "00:26:55"]
[BlackClock "00:00:52"]
[PlyCount "79"]
[WhiteFideId "16217136"]
[BlackFideId "16223748"]
[EventCountry "GER"]
[EventRounds "7"]
[EventType "swiss"]
[EventDate "2020.10.19"]

1. e4 {[%clk 1:30:55]} e6 {[%clk 1:30:55]} 2. d4 {[%clk 1:31:12]} d5 {[%clk
1:31:20]} 3. exd5 {[%clk 1:31:34]} exd5 {[%clk 1:31:42]} 4. Nf3 {[%clk
1:31:57]} Bd6 {[%clk 1:31:55]} 5. Bd3 {[%clk 1:31:30]} Nc6 {[%clk 1:31:47]} 6.
O-O {[%clk 1:30:32]} Bg4 {[%clk 1:30:41]} 7. c3 {[%clk 1:30:18]} Nge7 {[%clk
1:31:02]} 8. Re1 {[%clk 1:29:57]} Qd7 {[%clk 1:31:09]} 9. Nbd2 {[%clk 1:29:54]}
O-O-O {[%clk 1:27:46]} 10. b4 {[%clk 1:30:06]} Rde8 {[%clk 1:28:02]} 11. b5
{[%clk 1:30:11]} Nd8 {[%clk 1:28:25]} 12. Qa4 {[%clk 1:30:27]} Kb8 {[%clk
1:26:12]} 13. Ne5 {[%clk 1:29:30]} Qc8 {[%clk 1:18:30]} 14. Qb3 {[%clk
1:10:51]} f6 {[%clk 1:08:05]} 15. Nxg4 {[%clk 1:09:57]} Qxg4 {[%clk 1:08:14]}
16. h3 {[%clk 1:08:15]} Qd7 {[%clk 1:04:29]} 17. a4 {[%clk 1:05:54]} Ne6 {[%clk
1:00:05]} 18. a5 {[%clk 0:59:37]} Nf4 {[%clk 0:54:19]} 19. Bf1 {[%clk 0:59:03]}
Ka8 {[%clk 0:44:10]} 20. b6 {[%clk 0:49:08]} a6 {[%clk 0:41:20]} 21. bxc7
{[%clk 0:47:49]} Bxc7 {[%clk 0:39:25]} 22. Ba3 {[%clk 0:47:35]} Nf5 {[%clk
0:36:43]} 23. Reb1 {[%clk 0:46:10]} Rb8 {[%clk 0:34:33]} 24. Bc5 {[%clk
0:44:39]} Ne6 {[%clk 0:26:27]} 25. Bb6 {[%clk 0:44:08]} Bf4 {[%clk 0:20:06]}
26. Nf3 {[%clk 0:41:02]} g5 {[%clk 0:18:14]} 27. Ne1 {[%clk 0:37:50]} h5 {[%clk
0:16:46]} 28. g3 {[%clk 0:31:52]} Rhg8 {[%clk 0:06:41]} 29. Bg2 {[%clk
0:30:42]} Bxg3 {[%clk 0:02:11]} 30. Qxd5 {[%clk 0:28:59]} Qxd5 {[%clk 0:01:18]}
31. Bxd5 {[%clk 0:29:24]} Rge8 {[%clk 0:01:04]} 32. fxg3 {[%clk 0:29:24]} Nxg3
{[%clk 0:01:02]} 33. Nd3 {[%clk 0:27:30]} Ne2+ {[%clk 0:00:59]} 34. Kf2 {[%clk
0:25:36]} Nxc3 {[%clk 0:01:07]} 35. Bxe6 {[%clk 0:25:57]} Nxb1 {[%clk 0:00:37]}
36. Nc5 {[%clk 0:25:58]} Nc3 {[%clk 0:00:35]} 37. Bc7 {[%clk 0:26:07]} Rbc8
{[%clk 0:00:31]} 38. Bxc8 {[%clk 0:26:23]} Rxc8 {[%clk 0:00:54]} 39. Bb6 {[%clk
0:26:43]} Nd5 {[%clk 0:00:52]} 40. Re1 {[%clk 0:26:55]} 1-0

[Event "DEM U14w 2020"]
[Site "Willingen GER"]
[Date "2020.10.21"]
[Round "3"]
[White "Deák-Sala, Emília"]
[Black "Roncea, Andrea-Alexandra"]
[Result "1-0"]
[Termination "normal"]
[Board "7"]
[WhiteElo "1641"]
[BlackElo "1644"]
[WhiteClock "00:09:06"]
[BlackClock "00:01:07"]
[PlyCount "71"]
[WhiteFideId "795615"]
[BlackFideId "16233115"]
[EventCountry "GER"]
[EventRounds "7"]
[EventType "swiss"]
[EventDate "2020.10.19"]

1. e4 {[%clk 1:30:57]} e5 {[%clk 1:30:53]} 2. Nf3 {[%clk 1:31:24]} Nc6 {[%clk
1:31:18]} 3. Bc4 {[%clk 1:31:50]} Bc5 {[%clk 1:31:37]} 4. b4 {[%clk 1:32:16]}
Bb6 {[%clk 1:32:00]} 5. a4 {[%clk 1:32:40]} a6 {[%clk 1:32:23]} 6. c3 {[%clk
1:32:07]} Nf6 {[%clk 1:31:17]} 7. Qe2 {[%clk 1:24:54]} O-O {[%clk 1:26:41]} 8.
O-O {[%clk 1:18:33]} h6 {[%clk 1:22:53]} 9. Na3 {[%clk 1:15:32]} d6 {[%clk
1:20:36]} 10. h3 {[%clk 1:14:05]} Re8 {[%clk 1:17:48]} 11. d3 {[%clk 1:10:58]}
Ne7 {[%clk 1:16:42]} 12. Qa2 {[%clk 1:07:41]} Rf8 {[%clk 1:15:49]} 13. Nh4
{[%clk 1:06:04]} g5 {[%clk 1:08:26]} 14. Nf3 {[%clk 1:04:25]} Ng6 {[%clk
0:59:59]} 15. Kh1 {[%clk 0:48:44]} Qd7 {[%clk 0:46:52]} 16. a5 {[%clk 0:47:53]}
Ba7 {[%clk 0:47:14]} 17. Qe2 {[%clk 0:29:48]} Kh7 {[%clk 0:34:08]} 18. Nc2
{[%clk 0:24:55]} g4 {[%clk 0:29:51]} 19. Qd2 {[%clk 0:20:28]} Nf4 {[%clk
0:24:37]} 20. Nh2 {[%clk 0:19:26]} Ng8 {[%clk 0:09:33]} 21. Nxg4 {[%clk
0:17:27]} h5 {[%clk 0:06:44]} 22. Nh2 {[%clk 0:14:22]} Qe7 {[%clk 0:04:22]} 23.
Qd1 {[%clk 0:11:43]} Kg6 {[%clk 0:01:39]} 24. Qf3 {[%clk 0:10:31]} Qf6 {[%clk
0:01:10]} 25. Be3 {[%clk 0:07:54]} Nh6 {[%clk 0:00:58]} 26. g3 {[%clk 0:05:57]}
Nxh3 {[%clk 0:00:39]} 27. Qxf6+ {[%clk 0:06:13]} Kxf6 {[%clk 0:01:07]} 28. Bxh6
{[%clk 0:06:24]} Nxf2+ {[%clk 0:00:54]} 29. Rxf2+ {[%clk 0:06:40]} Bxf2 {[%clk
0:01:04]} 30. Bxf8 {[%clk 0:07:05]} Bg4 {[%clk 0:00:35]} 31. Nxg4+ {[%clk
0:07:22]} hxg4 {[%clk 0:00:58]} 32. Rf1 {[%clk 0:07:31]} Rxf8 {[%clk 0:00:57]}
33. Rxf2+ {[%clk 0:07:56]} Kg6 {[%clk 0:01:15]} 34. Ne3 {[%clk 0:08:17]} Rh8+
{[%clk 0:00:55]} 35. Kg2 {[%clk 0:08:43]} b5 {[%clk 0:01:07]} 36. axb6 {[%clk
0:09:06]} 1-0